| 000 | 00782nam a2200133Ia 4500 | ||
|---|---|---|---|
| 008 | 171212s9999 xx 000 0 und d | ||
| 020 | _a9781921313301 | ||
| 100 | _aWoinarski, John;Mackey, Brendan;Nix, Henry;Traill, Barry | ||
| 245 |
_cWoinarski, John;Mackey, Brendan;Nix, Henry;Traill, Barry _aThe Nature of Northern Australia _bIts natural values, ecological processes and future prospects |
||
| 260 |
_bANU E Press _c2007 |
||
| 650 | _aEcology & Evolutionary Biology | ||
| 650 | _aEnvironmental sciences -- Australia, Northern; Human ecology -- Australia, Northern; Social ecology -- Australia, Northern; Human geography -- Australia, Northern; Australia, Northern -- Economic conditions; Australia, Northern -- Social policy | ||
| 856 | _uwww.jstor.org/stable/10.2307/j.ctt24h8n3 | ||
| 999 |
_c351377 _d351377 |
||